000 01138nam a22003017a 4500
005 20080929101452.0
008 080929t xxu||||| |||| 00| 0chin d
010 _aHIN-92175
020 _a8188381535
_c250.00
035 _aHN-64521
037 _bDBAD / PUB
040 _aDPL
_bHN
082 _a808.88
100 _926640
_aआलम ज़ौक़ी
245 _aअपना आंगन /
_cमुशर्रफ़ आलम ज़ौक़ी
246 _aAapna Aangan
_bby Musharrafe Aiam ZauQui
260 _aदिल्ली
_bनीरज बुक सेंटर
_c2009
270 _aसी-32, आर्यानगर सोसायटी,
_bदिल्ली
_e110092
_k22756734
300 _a159पृ.
_c22सेमी (सजिल्द)
650 _9697
650 _926793
650 _926674
650 _9698
700 _926643
710 _926662
942 _2ddc
_cHN
_h808.88
_mआलम
999 _c51267
_d51267